000
00229nam a2200097Ia 4500
008
190216s9999||||xx |||||||||||||| ||und||
100
_a
Amar Bay
245
0
_a
Hindi-Katha Barathi
260
_b
The University Of Kerala
942
_c
BK
999
_c
17694
_d
17694